Phrases: All the Same Length Quiz Stats

Quiz Updated Nov 9, 2016

Challenge
Share
Tweet
Embed
Score 0/25 Timer 06:00
0 Plays Today
Clue Phrase % Correct
Motto of the Three MusketeersAll for one, and one for all
75.5%
It's been awarded to Henry Kissinger and Mother TeresaNobel Peace Prize
72.6%
Robert Burns poem sung at New Year'sAuld Lang Syne
52.4%
What RAM stands forrandom access memory
51.7%
What Mr. Reagan told Mr. Gorbachev to do in Berlin''Tear down this wall!''
47.4%
Jaws, for onegreat white shark
41.5%
1952 Ernest Hemingway novelThe Old Man and the Sea
35.5%
The smallest province in CanadaPrince Edward Island
35.1%
1967 Arab-Israeli conflict that lasted from June 5 to June 10Six Day War
34.8%
Folktale with a troll under a bridgeThree Billy Goats Gruff
32.3%
Multiple Razzie winner starring Kevin Kline and Will SmithWild Wild West
29.1%
A U.S. state and its capitalSalt Lake City, Utah
28.5%
Place that's just as comfortable as your own living spacehome away from home
27.1%
Clue Phrase % Correct
''Wow! I had that exact same idea!''great minds think alike
22.6%
''Going too quickly will result in errors''haste makes waste
22%
Vampire movie set in a Mexican strip clubFrom Dusk Till Dawn
20.8%
Full name of America's 40th PresidentRonald Wilson Reagan
19.7%
Ben Affleck movie about a kidnapped girlGone Baby Gone
17.1%
1978 Burstyn/Alda film about a long-lasting but very occasional affairSame Time, Next Year
16.1%
Robert Gibbs briefs them daily in the West WingWhite House Press Corps
16%
The ''Nine Days' Queen''Lady Jane Grey
15.2%
One of Shakespeare's ''problem plays''All's Well That Ends Well
12.7%
Pronunciation change between Middle and Modern EnglishGreat Vowel Shift
4.7%
How the Lord spoke to Elijah in 1 Kingsstill small voice
2%
Bring expenses within incomemake ends meet
1.9%

You're not logged in!

Compare scores with friends on all Sporcle quizzes.
Sign Up with Email
OR
Log In

You Might Also Like...

Show Comments

Extras

Top Quizzes Today


Score Distribution

Your Account Isn't Verified!

In order to create a playlist on Sporcle, you need to verify the email address you used during registration. Go to your Sporcle Settings to finish the process.